Catálogo Biblioteca Central

L'evolution du droit de la protection des données personnelles (Registro nro. 232910)

Detalles MARC
000 -CABECERA
campo de control de longitud fija 00739naa a22002177i 4500
001 - NÚMERO DE CONTROL
campo de control 232910
003 - IDENTIFICADOR DEL NÚMERO DE CONTROL
campo de control ES-MaBCM
005 - FECHA Y HORA DE LA ÚLTIMA TRANSACCIÓN
campo de control 20260415143035.0
008 - CÓDIGOS DE INFORMACIÓN DE LONGITUD FIJA
campo de control de longitud fija 260415s2026 fr ||||| |||| 00| 0 fre d
040 ## - FUENTE DE LA CATALOGACIÓN
Centro transcriptor ES-MaBCM
100 1# - PUNTO DE ACCESO PRINCIPAL - NOMBRE DE PERSONA
Nombre de persona Robustelli, Ludovica
9 (RLIN) 131360
245 12 - MENCIÓN DE TÍTULO
Título L'evolution du droit de la protection des données personnelles
Mención de responsabilidad etc. Ludovica Robustelli
504 ## - NOTA DE BIBLIOGRAFÍA, ETC.
Nota de bibliografía etc. Incluye referencias bibliográficas
650 #7 - PUNTO DE ACCESO ADICIONAL DE MATERIA--TÉRMINO DE MATERIA
Término de materia o nombre geográfico como elemento inicial Protección de datos
9 (RLIN) 59953
650 #7 - PUNTO DE ACCESO ADICIONAL DE MATERIA--TÉRMINO DE MATERIA
Término de materia o nombre geográfico como elemento inicial Ciencia jurídica
9 (RLIN) 58276
650 #0 - PUNTO DE ACCESO ADICIONAL DE MATERIA--TÉRMINO DE MATERIA
Término de materia o nombre geográfico como elemento inicial Plataforma digital
9 (RLIN) 127396
650 #0 - PUNTO DE ACCESO ADICIONAL DE MATERIA--TÉRMINO DE MATERIA
Término de materia o nombre geográfico como elemento inicial Big data
9 (RLIN) 124899
650 #7 - PUNTO DE ACCESO ADICIONAL DE MATERIA--TÉRMINO DE MATERIA
Término de materia o nombre geográfico como elemento inicial Comercialización
9 (RLIN) 57962
773 0# - ENLACE AL DOCUMENTO FUENTE
Lugar editor y fecha de publicación Paris
Parte(s) relacionada(s) N. 695 (févr. 2026), p. 120-128 - Loc. S.304
Título Revue de l'Union Européenne
Número de control del registro relacionado 182585
942 ## - ELEMENTOS DE PUNTO DE ACCESO ADICIONAL (KOHA)
Fuente del sistema de clasificación o colocación Universal Decimal Classification
Tipo de ítem Koha Artículos de revistas
Existencias
Estado de retiro Estado de pérdida Fuente del sistema de clasificación o colocación Estado dañado No para préstamo Localización permanente Ubicación/localización actual Ubicación en estantería Fecha de adquisición Total de préstamos Fecha visto por última vez Precio válido a partir de Tipo de ítem Koha
    Universal Decimal Classification     Biblioteca Central del Ministerio de la Presidencia Biblioteca Central del Ministerio de la Presidencia Sala 15/04/2026   15/04/2026 15/04/2026 Artículos de revistas